书目信息 |
| 题名: |
西周金文词汇研究
|
|
| 作者: | 杨怀源 著 | |
| 分册: | ||
| 出版信息: | 成都 巴蜀书社 2007.11 |
|
| 页数: | 345页 | |
| 开本: | 21cm | |
| 丛书名: | 西南大学文献学研究丛书 | |
| 单 册: | ||
| 中图分类: | K877.34 | |
| 科图分类: | ||
| 主题词: | 金文--词汇--研究--中国--西周时代 | |
| 电子资源: | ||
| ISBN: | 978-7-80752-026-9 | |
| 000 | 00910oam2 2200265 450 | |
| 001 | 012008037036 | |
| 005 | 20100325105300.98 | |
| 010 | @a978-7-80752-026-9@b精装@dCNY28.00 | |
| 100 | @a20081205d2007 em y0chiy0110 ea | |
| 101 | 0 | @achi |
| 102 | @aCN@b510000 | |
| 105 | @ak z 000yy | |
| 106 | @ar | |
| 200 | 1 | @a西周金文词汇研究@9xi zhou jin wen ci hui yan jiu@f杨怀源著 |
| 210 | @a成都@c巴蜀书社@d2007.11 | |
| 215 | @a345页@d21cm | |
| 225 | 2 | @a西南大学文献学研究丛书 |
| 300 | @a西南大学博士基金项目 西南大学文学院博士基金项目 | |
| 330 | @a本书内容包括:金文词汇研究概况与复音词判定标准、西周金文的书写形式、汉字的单音节性和西周金文单音的特点、西周金文复音词等。 | |
| 461 | 0 | @12001 @a西南大学文献学研究丛书 |
| 606 | 0 | @a金文@x词汇@x研究@x中国@z西周时代 |
| 690 | @aK877.34@v4 | |
| 701 | 0 | @a杨怀源@9yang huai yuan@4著 |
| 801 | 0 | @aCN@bRENTIAN@c20100325 |
| 905 | @b799400-04@dK877.34@e265@f5 | |
| 西周金文词汇研究/杨怀源著.-成都:巴蜀书社,2007.11 |
| 345页;21cm.-(西南大学文献学研究丛书) |
| 西南大学博士基金项目 西南大学文学院博士基金项目 |
| ISBN 978-7-80752-026-9(精装):CNY28.00 |
| 本书内容包括:金文词汇研究概况与复音词判定标准、西周金文的书写形式、汉字的单音节性和西周金文单音的特点、西周金文复音词等。 |
| ● |
| 相关链接 |
|
|
|
|
正题名:西周金文词汇研究
索取号:K877.34/265
 
预约/预借
| 序号 | 登录号 | 条形码 | 馆藏地/架位号 | 状态 | 备注 |
| 1 | 799400 | 207994009 | 第二样本阅览室/ [索取号:K877.34/265] | 在馆 | |
| 2 | 799401 | 207994018 | 第二借阅区/ [索取号:K877.34/265] | 在馆 | |
| 3 | 799402 | 207994027 | 第二借阅区/ [索取号:K877.34/265] | 在馆 | |
| 4 | 799403 | 207994036 | 第二借阅区/ [索取号:K877.34/265] | 在馆 | |
| 5 | 799404 | 207994045 | 第二借阅区/ [索取号:K877.34/265] | 在馆 |